Statistiken für Die größten Städte Deutschlands mit R

Klicken Sie hier um das Quiz zu spielen!

Allgemein

  • Dieses Quiz wurde 277 mal gespielt
    (268 seit der letzten Aktualisierung)
  • Das Durchschnittsergebnis liegt bei 4 aus 12

Antwortstatistiken

BundeslandStadt% Korrekt
BayernRegensburg
91%
Baden-WürttembergReutlingen
73%
Nordrhein-WestfallenRecklinghausen
68%
Mecklenburg-VorpommernRostock
68%
Schleswig-HolsteinRendsburg
43%
SachsenRadebeul
21%
NiedersachsenRinteln
21%
ThüringenRudolstadt
21%
BrandenburgRathenow
17%
Rheinland-PfalzRemagen
16%
HessenRüsselsheim (am Main)
7%
Sachsen-AnhaltRaguhn-Jeßnitz
1%

Verteilung der Resultate

Perzentil nach korrekt beantworteten Fragen

Anzahl Personen mit jedem Resultat

Ihre Resultats-Entwicklung

Sie haben dieses Quiz seit der letzten Aktualisierung nicht gespielt